| Registos Bibliográficos associados ao registo de autoridade |
|
Etiqueta de registo: 00000nam 2200025 450 001 2286577 003 http://id.bnportugal.gov.pt/bib/catbnp/2286577 100 ## $a20260520d2024 k y0pory01030103ba 101 0# $aeng$dpor 102 ## $aPT 105 ## $aa m 000yy 106 ## $ar 200 1# $aReach regulation$ealternative coatings to hexavalent chromium$fEdgar Manuel Neto Carneiro$gorient. Sandra Maria Fernandes Carvalho 210 #9 $a[S.l.$cs.n.],$d2024 215 ## $aXIV, 118 p.$cil.$d30 cm 328 #1 $aTese dout. Engenharia de Materiais, Escola de Engenharia, Universidade do Minho, 2024 675 ## $a620.18(043)$vBN$zpor$31240075 675 ## $a546.75(043)$vBN$zpor$31304166 700 #1 $aCarneiro,$bEdgar Manuel Neto$31998813 702 #1 $aCarvalho,$bSandra Maria Fernandes$4727$31198590 801 #0 $aPT$bBN$gRPC 966 ## $lBN$mFGMON$sS.A. 194132 V.$x1 971 ## $corlando$d20260520 973 ## $cigoulao$d20260625 975 ## $e0$d20260630$viquintas
|
|
|